000 00742nam a2200241Ia 4500
003 OSt
005 20220926002623.0
006 a|||||r|||| 00| 0
007 ta
008 220923b |||||||| |||| 00| 0 eng d
037 _cGeneral Book
040 _aRTL
_cRTL
_beng
041 _2eng
_aeng
082 _aX:99K.(T).2.N8, M5
100 _aEarayil Alphonse
_9306160
245 0 _aPublic relations at the cutting edge level
_b Case
260 _a New Delhi
_bNational Publishing House India
_c1985
300 _a177p.
_ccm.
650 _aFull Employment
700 _a Vadackumchery James
_9141535
942 _hX:99K.(T).2.N8, M5
_cGB
_2CC
999 _c605608
_d605608